Statistics for U.S States With The Most Billionaires

Click here to take the quiz!

General Stats

  • This quiz has been taken 55 times
  • The average score is 8 of 10

Answer Stats

#Answer% Correct
124California
98%
44Florida
98%
93New York
98%
13Washington
98%
48Texas
96%
10Massachusetts
80%
17Illinois
78%
10Pennsylvania
67%
11Michigan
65%
17Connecticut
63%

Score Distribution

Percentile by Number Answered

Percent of People with Each Score

Your Score History

You have not taken this quiz